000 00461nam a2200181Ia 4500
005 20250423100951.0
008 250422s9999 xx 000 0 und d
020 _a9780374309893
050 _aPS 3553.A4344 .C36/
100 _aCameron, Peter
245 0 _aSomeday this pain will be useful to you
260 _aNew York
260 _bPicador
260 _c2007
300 _a229 p
650 _aYoung men--Fiction. Adolescence--Fiction.
942 _cBK
999 _c34889
_d34889